• 首页
  • 本馆介绍
  • 公告通知
  • 最新文献
  • 馆藏检索
  • 电子资源
  • 读者导购
  • 参考咨询
  • 我的图书馆
  • 登录
  • 详细信息显示
  • 放入我的书架
  • 预约/预借图书
  • 作者相关作品
  • 分类相关作品
  • 丛书相关作品
  • 出版社相关作品

书目信息

  • 表格格式
  • 工作单格式
  • 卡片格式
题名:
物流法律法规
    
 
作者: 王凤鸣 , 钱芳 主编
分册:  
出版信息: 北京   北京理工大学出版社有限责任公司  2018
页数: 204页
开本: 26cm
丛书名:
单 册:
中图分类: D922.294.1
科图分类:
主题词: 物流管理--wu liu guan li--法规--中国
电子资源:
ISBN: 978-7-5682-4668-2
000 01285nam0 2200277 450
001 012001010686
005 20140102161635.0
010    @a978-7-5682-4668-2@dCNY49.00
099    @aCAL 012018039170
100    @a20180410d2018 ekmy0chiy50 ea
101 0  @achi
102    @aCN@b110000
105    @aak a 000yy
106    @ar
200 1  @a物流法律法规@Awu liu fa lv fa gui@f主编王凤鸣, 钱芳
210    @a北京@c北京理工大学出版社有限责任公司@d2018
215    @a204页@c图@d26cm
320    @a有书目
330    @a本书从物流业务领域和业务流程出发,共分10个模块,包括物流法规基础知识、物流企业法律问题、物流服务合同法律制度、货物运输法律制度、仓储法律制度、配送法律制度、物流包装法律制度、物流搬运装卸法律制度、流通加工法律制度以及货物保险法律制度。为了提高学生的学习兴趣和学习效果,每一部分都通过实务中的案例进行导入,课后附以案例和练习题进行强化,并根据实际需要在模块内部进行案例分析和点评。
333    @a本教材可以作为高等院校物流管理专业、国际航运管理专业、港口管理专业和集装箱运输管理专业的教材,同时也可以作为相关行业从业人员的学习资料
606 0  @a物流管理@Awu liu guan li@x法规@y中国
690    @aD922.294.1@v5
701  0 @a王凤鸣@Awang feng ming@4主编
701  0 @a钱芳@Aqian fang@4主编
801  2 @aCN@b上海新华@c20191020
905    @b1136884-7@dD922.294.1@e2113@f4
    
    物流法律法规/主编王凤鸣, 钱芳.-北京:北京理工大学出版社有限责任公司,2018
    204页:图;26cm
    使用对象:本教材可以作为高等院校物流管理专业、国际航运管理专业、港口管理专业和集装箱运输管理专业的教材,同时也可以作为相关行业从业人员的学习资料
    
    ISBN 978-7-5682-4668-2:CNY49.00
    本书从物流业务领域和业务流程出发,共分10个模块,包括物流法规基础知识、物流企业法律问题、物流服务合同法律制度、货物运输法律制度、仓储法律制度、配送法律制度、物流包装法律制度、物流搬运装卸法律制度、流通加工法律制度以及货物保险法律制度。为了提高学生的学习兴趣和学习效果,每一部分都通过实务中的案例进行导入,课后附以案例和练习题进行强化,并根据实际需要在模块内部进行案例分析和点评。
●
相关链接 在E读中查询图书 在五车中查询图书 在当当中查询图书 在豆瓣中查询图书


正题名:物流法律法规     索取号:D922.294.1/2113         预约/预借

序号 登录号 条形码 馆藏地/架位号 状态 备注
1 1136884   211368848   第一样本阅览室/ [索取号:D922.294.1/2113] 在馆    
2 1136885   211368857   第一借阅区/ [索取号:D922.294.1/2113] 在馆    
3 1136886   211368866   第一借阅区/ [索取号:D922.294.1/2113] 在馆    
4 1136887   211368875   第一借阅区/ [索取号:D922.294.1/2113] 在馆    
唐山师范学院图书馆 欢迎您!
大连网信软件有限公司© 版权所有